=LDR 00000nam 2200000 4500 =001 INLIS000000000022137 =005 20130612120926 =008 ***********************************Ind** =035 ##$$0010-061300000022137 =041 ##$$a Ind =082 ##$$a 658.562 =090 ##$$a 658.562, Cip-t =100 ##$$a CIPTONO, Fandy =245 ##$$a Total Quality Manajement, Fandy Tjiptono, ; Anastasia Diana =260 ##$$a 2005 $b Yogyakarta =300 ##$$a xiv, 416 hlm., ilus., 23 cm =650 ##$$a Kualitas-Pengawasan, Manajemen-Produksi =850 ##$$a NBPNMAT =990 ##$$a 0001/BPAP-NTB/20142014 =990 ##$$a 0001/BPAP-NTB/2015